| 000 | 00834nam a2200205 a 4500 | ||
|---|---|---|---|
| 008 | 081125s2005 ||||||||||||||||| || u | ||
| 020 | _a159221133X | ||
| 050 | _aHF 1611 Afri | ||
| 100 | _aOyejide, Ademola | ||
| 245 | 1 | 0 |
_aAfrica and the world trading system: selected issues of the Doha agenda _cedited by Ademola Oyejide; William Lyakurwa |
| 260 |
_aTrenton _bAfrica World Press _c2005 |
||
| 300 | _aiv, 395p.: ill. | ||
| 350 | _a0.00 | ||
| 650 | _aAFRICA--COMMERCE | ||
| 650 | _aTRADE POLICY--ZIMBABWE | ||
| 650 | 0 | _aAFRICA--COMMERCIAL POLICY | |
| 650 | 0 | _aINTERNATIONAL ECONOMIC RELATIONS--HANDBOOKS, MANUALS, E.T.C | |
| 700 | _aLyakurwa, William | ||
| 995 |
_D0.00 _FCBU-MAIN LIBRARY (Kitwe) _H1 _I0.00 _M1 _UAVAILABLE _WNov 25, 2008 _ZMain Library Open Access Collection |
||
| 999 |
_c33673 _d33673 |
||